000 00442nam a2200181Ia 4500
001 10438
005 20260306161832.0
008 260306t2006||||xx |||||||||||||| ||spa||
041 _aESP
082 _a929
_bM26
100 _aMarcano, Cristina
_eAUT
245 0 _aHugo Chávez sin uniforme:
_buna historia personal
260 _c2006
300 _a398 páginas :
_c23 cm.
650 _aGEN
654 _aCHU
942 _cLIB
_dJUS
_fJUS
_2ddc
_n
999 _c10438
_d10438